000 00320nam a22001457a 4500
008 230906b ||||| |||| 00| 0 eng d
020 _a9780872201965
041 _aeng
080 _a159.9
082 _a159.9McG
100 _a25
101 _aPSI
245 _aHOW TO DO THE RIGHT THING
_cMcGINN.C
942 _2udc
_cBK
999 _c60254
_d60254